Vplyv implantácie vnútroočných šošoviek s negatívnou sférickou aberáciou na citlivosť na kontrast

Porovnanie citlivosti na kontrast a centrálnu zrakovú ostrosť u pacientov po implantácii vnútroočných šošoviek s negatívnou sférickou aberáciou.

Gespeichert in:
Bibliographische Detailangaben
1. Verfasser: Ilavská, Monika
Weitere Verfasser: Ilavská, Zuzana
Format: Buchkapitel
Sprache:Slowakisch
Schlagworte:
Tags: Tag hinzufügen
Keine Tags, Fügen Sie das erste Tag hinzu!

MARC

LEADER 00000naa$a2200000$$$4500
001 0114799
005 20240502083304.2
041 0 |a slo 
044 |a CZ 
245 1 0 |a Vplyv implantácie vnútroočných šošoviek s negatívnou sférickou aberáciou na citlivosť na kontrast  |c Monika Ilavská, Zuzana Ilavská 
520 |a Porovnanie citlivosti na kontrast a centrálnu zrakovú ostrosť u pacientov po implantácii vnútroočných šošoviek s negatívnou sférickou aberáciou. 
610 2 0 |a medicína 
100 1 |a Ilavská, Monika 
700 1 |a Ilavská, Zuzana